00440nam a2200157Ia 4500008004100000020001800041082001500059100001800074245002200092250000700114260004700121300002400168500001900192600002100211650005000232240925s9999 xx 000 0 und d a9789380027708 a006.66 AGA aAgarwal, Udit 0aComputer Graphics aNA aNew Delhi:bS.K. Kartaria and sonsc,2014. a1028p.b0fOriginal aIncludes Index aComputer Science aComputer science, information & general works